| 000 | 00441nam a2200169 a 4500 | ||
|---|---|---|---|
| 005 | 20210219154744.0 | ||
| 008 | 040123s2000 mx r 000 0 spa d | ||
| 020 | _a9701859952 | ||
| 035 | _aUPN01000131514 | ||
| 049 | _aI | ||
| 099 | _a(POR ADQUIRIR) | ||
| 245 | 0 | 0 | _aAcitrón - Matarilerileró / |
| 260 |
_aMéxico : _bSEP : _bCONAFE, _c[2000?]. |
||
| 300 | _a10 casetes | ||
| 440 | 0 | _aAudiocasetes didácticos | |
| 905 | _aAudiovisuales | ||
| 999 |
_c103669 _d103669 |
||